Independence Hall autograph collection, (Record no. 43528)

MARC details
000 -LEADER
fixed length control field 00809cpcaa2200229 a 4500
001 - CONTROL NUMBER
control field mm 82027078
003 - CONTROL NUMBER IDENTIFIER
control field DLC
005 - DATE AND TIME OF LATEST TRANSACTION
control field 20260227111713.0
008 - FIXED-LENGTH DATA ELEMENTS--GENERAL INFORMATION
fixed length control field 820702|||||||||||| eng
010 ## - LIBRARY OF CONGRESS CONTROL NUMBER
LC control number mm 82027078
040 ## - CATALOGING SOURCE
Original cataloging agency DLC
Transcribing agency DLC
Description conventions dacs
Modifying agency DLC
072 #7 - SUBJECT CATEGORY CODE
Subject category code C
Source lcmd
245 00 - TITLE STATEMENT
Title Independence Hall autograph collection,
Inclusive dates 1652-1845.
300 ## - PHYSICAL DESCRIPTION
Extent 567
Type of unit items.
300 ## - PHYSICAL DESCRIPTION
Extent 1
Type of unit container.
506 0# - RESTRICTIONS ON ACCESS NOTE
Terms governing access Open to research.
533 ## - REPRODUCTION NOTE
Type of reproduction Photocopies.
Place of reproduction [S.l.]
546 ## - LANGUAGE NOTE
Language note Collection material in English.
710 2# - ADDED ENTRY--CORPORATE NAME
Corporate name or jurisdiction name as entry element Independence Hall (Philadelphia, Pa.)

No items available.

Powered by Koha